La veguería como gobierno local intermedio en Cataluña : Encaje constitucional de su regulación estatutaria / Encaje constitucional de su regulación estatutaria /
ISBN:
9788493598150
Descripción Física:
254 pàgs. ; 23 cm.
Colección:
Lex científica
Materias:
Divisions administratives i polítiques
; Dret constitucional
; Catalunya -- Divisions administratives i polítiques
Idioma:
Catalán , Español
MARC
| LEADER | 00000nam a22000007a 4500 | ||
|---|---|---|---|
| 001 | 28329 | ||
| 003 | AGDB | ||
| 005 | 20260324181520.0 | ||
| 008 | 231024b spa||||| |||| 00| 0 cat d | ||
| 017 | |a B 53403-2008 | ||
| 020 | |a 9788493598150 | ||
| 040 | |a agdb |b cat | ||
| 041 | |a spa | ||
| 100 | |9 2312 |a Gracia Retortillo, Ricard | ||
| 245 | 1 | 3 | |a La veguería como gobierno local intermedio en Cataluña : |b Encaje constitucional de su regulación estatutaria / |c Ricard Gracia Retortillo ; prólogo de Alfredo Galán Galán |
| 260 | |a Barcelona : |b Huygens ; |c 2008 | ||
| 300 | |a 254 pàgs. ; |c 23 cm. | ||
| 490 | |a Lex científica | ||
| 504 | |a Bibliografia (pàgs. 243-254) | ||
| 541 | |a Donatiu Biblioteca General i de Referència. | ||
| 650 | 0 | |9 11958 |a Divisions administratives i polítiques | |
| 650 | 0 | |9 38098 |a Dret constitucional | |
| 651 | 0 | |9 54246 |a Catalunya |x Divisions administratives i polítiques | |
| 942 | |2 udc |c ARXIU |n 1 | ||
| 952 | |0 0 |1 0 |4 0 |6 BIB1106 |7 1 |9 96374 |a Arxiu |b Arxiu |d 2023-10-24 |l 0 |o Bib-1106 |p 28329 |r 2023-10-24 00:00:00 |w 2023-10-24 |y ARXIU | ||
| 999 | |c 128198 |d 128198 | ||